[Event "TCh-AUT 2 West 2011-12"]
[Site "Salzburg AUT"]
[Date "2011.10.09"]
[Round "3"]
[White "Ager,J"]
[Black "Loeffler,C"]
[Result "0-1"]
[WhiteElo "2190"]
[BlackElo "2161"]

1.Nf3 d5 2.g3 Nf6 3.c4 e6 4.Bg2 Be7 5.O-O O-O 6.d4 dxc4 7.Qc2 a6 8.a4 Nbd7
9.Qxc4 b5 10.Qd3 Bb7 11.Re1 Be4 12.Qd1 b4 13.Nbd2 Bb7 14.Nc4 c5 15.Bf4 Nb6
16.Nce5 a5 17.dxc5 Bxc5 18.Nd3 Be7 19.Be3 Rc8 20.Rc1 Rxc1 21.Bxc1 Qa8 22.Nh4 Rd8
23.Bxb7 Qxb7 24.Nf3 Ne4 25.Be3 Nd5 26.Bd4 f6 27.Qc1 Rc8 28.Qb1 e5 29.Nc1 Nd6
30.Be3 Nxe3 31.fxe3 Nc4 32.Nb3 Qb6 33.Qd3 Nxe3 34.Kh1 Rd8 35.Qe4 Nd1 36.Qc4+ Kf8
37.Qc2 Nf2+ 38.Kg2 e4 39.Nfd4 Rxd4 40.Nxd4 Qxd4 41.Qc8+ Kf7 42.Qf5 e3 43.Rc1 g6
44.Qf3 Ne4  0-1

[Event "20th TCh-CRO w"]
[Site "Sibenik CRO"]
[Date "2011.10.09"]
[Round "7.1"]
[White "Mrakovcic,K"]
[Black "Djeno,S"]
[Result "0-1"]
[WhiteElo "1768"]
[BlackElo "2029"]

1.Nf3 d5 2.g3 Nf6 3.Bg2 c5 4.d4 Nc6 5.O-O e6 6.Nc3 cxd4 7.Nxd4 Bb4 8.Qd3 O-O
9.a3 Ba5 10.Re1 Ne5 11.Qd2 Nc4 12.Qd3 e5 13.Nb3 e4 14.Qd4 Bxc3 15.Qxc3 Qb6
16.Nd4 Bd7 17.b3 Rac8 18.b4 Ng4 19.Bb2 Qh6 20.h4 Nd2  0-1

[Event "20th TCh-CRO 1a"]
[Site "Sibenik CRO"]
[Date "2011.10.10"]
[Round "7.2"]
[White "Martinovic,Sa"]
[Black "Grachev,B"]
[Result "0-1"]
[WhiteElo "2513"]
[BlackElo "2682"]

1.Nf3 d5 2.g3 Bg4 3.Bg2 c6 4.O-O Nd7 5.d3 e6 6.e4 Bd6 7.Nbd2 Ne7 8.h3 Bh5
9.Qe1 O-O 10.Nh2 e5 11.Kh1 Qc7 12.Nb3 Rae8 13.Bd2 Bg6 14.c4 d4 15.Nf3 f6
16.Nh4 Bf7 17.Rc1 c5 18.Nf5 Be6 19.Nxd6 Qxd6 20.f4 Rb8 21.f5 Bf7 22.Rf3 b5
23.Bf1 Qa6 24.Qd1 Nc8 25.Qc2 Nd6 26.g4 Rfc8 27.h4 Kf8 28.Rg3 Qa4 29.g5 bxc4
30.dxc4 Qc6 31.Bd3 Nxf5 32.Rf3 Nxh4 33.Rh3 Ng6 34.Rxh7 Ke7  0-1

[Event "Belgrade Premier League 2011"]
[Site "Belgrade SRB"]
[Date "2011.10.11"]
[Round "10.4"]
[White "Jovanovic,SM"]
[Black "Tosic,S"]
[Result "0-1"]
[WhiteElo "2266"]
[BlackElo "2338"]

1.Nf3 d5 2.g3 Bg4 3.Ne5 Bf5 4.Bg2 f6 5.e4 dxe4 6.Nc4 e5 7.Nc3 Nh6 8.Nxe4 Bg4
9.Bf3 Bxf3 10.Qxf3 Nc6 11.d3 Nf7 12.O-O Be7 13.Be3 O-O 14.Nc5 Bxc5 15.Bxc5 Ng5
16.Qg2 Re8 17.f4 exf4 18.gxf4 Ne6 19.Be3 Ned4 20.f5 Qd7 21.Bxd4 Qxd4+ 22.Kh1 Re7
23.Rf3 Qd7 24.c3 Rae8 25.Raf1 Re2 26.R1f2 Re1+ 27.Rf1 Qd5 28.Nd2 R8e2 29.Rf2 Qxd3
30.Rxe1 Rxe1+ 31.Nf1 Ne7 32.Qf3 Qxf3+ 33.Rxf3 Kf7 34.b3 Nc6 35.Kg1 Ne5 36.Rf2 Rc1
37.c4 a5 38.Kg2 a4 39.Nd2 Nd3 40.Rf1 Rc2 41.Kf3 Rxd2 42.Ke3 Rxa2 43.Kxd3 axb3
44.Kc3 Rxh2 45.Kxb3 g5 46.Rd1 Re2 47.Rd8 g4 48.Kb4 Re7 49.c5 Kg7 50.Kb5 h5
51.Rb8 g3 52.Ra8 g2 53.Ra1 h4  0-1

[Event "Mitropa Cup"]
[Site "Merlimont FRA"]
[Date "2011.10.11"]
[Round "4"]
[White "Demuth,A"]
[Black "Rombaldoni,D"]
[Result "1/2-1/2"]
[WhiteElo "2440"]
[BlackElo "2517"]

1.Nf3 d5 2.g3 Nc6 3.d4 Bg4 4.Bg2 e6 5.O-O Nf6 6.c3 Bd6 7.Nbd2 O-O 8.Re1 e5
9.dxe5 Nxe5 10.Nxe5 Bxe5 11.Nf3 Bd6 12.Bg5 Be7 13.Qb3 h6 14.Bxf6 Bxf6 15.Rad1 Be6
16.Nd4 Qd7 17.Nxe6 fxe6 18.e4 c6 19.Bh3 Rae8 20.exd5 cxd5 21.c4 d4 22.c5 Kf7
23.Re2 Re7 24.Rde1 Rfe8 25.Qd3 Qd5 26.b4 b6 27.Bg2 Qd7 28.Qh7 bxc5 29.Be4 Rg8
30.bxc5 Qc8 31.Qg6+ Kf8 32.Bd3 Qe8 33.Qg4 h5 34.Qh3 e5 35.f4 g6 36.fxe5 Bg5
37.Bc4 Rh8 38.e6 Kg7 39.Qg2 Be3+ 40.Rxe3 dxe3 41.Rxe3 Rf8 42.Qe4 Qc8 43.Qe5+ Kh6
44.Qd6 Qc7 45.Qxc7 Rxc7 46.Bb5 Rxc5 47.e7 Rc1+ 48.Kg2 Rc2+ 49.Kh3 Rff2 50.g4 Rxh2+
51.Kg3 Rcf2 52.gxh5 Rhg2+ 53.Kh3 Rh2+ 54.Kg3 Rhg2+ 55.Kh3 Rh2+ 56.Kg3  1/2-1/2

[Event "20th TCh-CRO 1b"]
[Site "Sibenik CRO"]
[Date "2011.10.11"]
[Round "8.2"]
[White "Dutina,D"]
[Black "Mrdja,M"]
[Result "1/2-1/2"]
[WhiteElo "2302"]
[BlackElo "2402"]

1.Nf3 d5 2.g3 c6 3.Bg2 Bg4 4.O-O Nd7 5.d3 e6 6.Nbd2 Bc5 7.h3 Bh5 8.Qe1 Ne7
9.e4 O-O 10.c3 Re8 11.Nh4  1/2-1/2

[Event "20th TCh-CRO 1b"]
[Site "Sibenik CRO"]
[Date "2011.10.11"]
[Round "8.4"]
[White "Dizdarevic,E"]
[Black "Ushenina,A"]
[Result "1/2-1/2"]
[WhiteElo "2489"]
[BlackElo "2462"]

1.Nf3 d5 2.g3 c6 3.Bg2 Bf5 4.d3 e6 5.O-O h6 6.c4 dxc4 7.dxc4 Nd7 8.Nc3 Ngf6
9.Bf4 Be7 10.Bd6 O-O  1/2-1/2

[Event "Lichtenrader Autumn"]
[Site "Berlin GER"]
[Date "2011.10.12"]
[Round "5.12"]
[White "Bahner,J"]
[Black "Boehnisch,M"]
[Result "1/2-1/2"]
[WhiteElo "1990"]
[BlackElo "2289"]

1.Nf3 d5 2.g3 Bg4 3.Bg2 Nd7 4.c4 e6 5.b3 Ngf6 6.O-O c6 7.d3 Bc5 8.Bb2 O-O
9.Nbd2 a5 10.a3 Qb8 11.Qc2 Rc8 12.h3 Bh5 13.Qc3 e5 14.e3 Bd6 15.Nh4 d4 16.Qc2 c5
17.Nf5 Ne8 18.exd4 exd4 19.Ne4 Bf8 20.Rae1 Bg6 21.Nh4 Bxe4 22.Bxe4 Nd6 23.Bg2 Ra6
24.Bc1 Re8 25.Bd2 g6 26.Rxe8 Nxe8 27.Re1 Ng7 28.Qd1 Qc7 29.Nf3 Re6 30.Ng5 Rxe1+
31.Qxe1 h6 32.Nf3 Qb6 33.Qd1 Ne6 34.Ne1 Kg7 35.Bd5 Nf6 36.Bg2 Bd6 37.Qf3 Ng5
38.Bxg5 hxg5 39.Qxb7 Qxb7 40.Bxb7 g4 41.h4 Nd7 42.Kf1 f5 43.Nc2 Kf6 44.Ke2 Ke5
45.Ne1 Nf6 46.Ng2 Nh5 47.Bc8 Kf6 48.Bd7 Ke7 49.Bc8 Kf6 50.Bd7 Ke7 51.Bc8 Kf6  1/2-1/2

[Event "TCh-MNE 1st League"]
[Site "Tivat MNE"]
[Date "2011.10.12"]
[Round "5.3"]
[White "Draganic,V"]
[Black "Benderac,S"]
[Result "1/2-1/2"]
[WhiteElo "2295"]
[BlackElo "2332"]

1.Nf3 d5 2.g3 c5 3.Bg2 Nc6 4.O-O e5 5.d3 Nf6 6.e4 d4 7.a4 Be7 8.Na3 O-O 9.Nc4 Qc7
10.Bd2 h6 11.Qe1 Ne8  1/2-1/2

[Event "49th ch-IND NatA"]
[Site "Aurangabad IND"]
[Date "2011.10.13"]
[Round "5"]
[White "Sundararajan,K"]
[Black "Sengupta,D"]
[Result "0-1"]
[WhiteElo "2474"]
[BlackElo "2572"]

1.Nf3 d5 2.g3 Nc6 3.d4 Bg4 4.Bg2 Qd7 5.c4 e6 6.O-O dxc4 7.Nbd2 O-O-O 8.Nxc4 Bxf3
9.exf3 Qxd4 10.Qb3 Qd3 11.Qa4 Bb4 12.Be3 Qxc4 13.a3 a6 14.Rfc1 Qb5 15.Qxb5 axb5
16.axb4 Nge7 17.Bf1 Nxb4 18.Bxb5 Nbc6 19.b4 Kd7 20.Ra7 Rb8 21.f4 Kc8 22.Ra4 Nd5
23.Bc5 g6 24.Kg2 Kd7 25.Ra7 Kc8 26.Ra4 Rd8 27.h4 h5 28.Kg1 Kd7 29.Ra7 Rdc8
30.Kg2 Kd8 31.Rxb7 Ncxb4 32.Rxb8 Rxb8 33.Be2 Nc6 34.Bf3 Nce7 35.Rc2 Rb5 36.Bd4 Kd7
37.Be2 Ra5 38.Bf3 Rb5 39.Be2 Ra5 40.Bf3 Nf5 41.Bc5 Rb5 42.Be2 Rb3 43.Rd2 Kc6
44.Bf8 Kb6 45.Bd1 Rb1 46.Bf3 c6 47.Be4 Rb3 48.Kf1 Kc7 49.Bc5 Rc3 50.Rc2 Nd6
51.Rxc3 Nxc3 52.Bc2 Nce4 53.Bd4 c5 54.Be5 Kc6 55.Ke2 Kd5 56.Bb3+ c4 57.Bc2 Nf5
58.Kf3 Nc5 59.Bb1 Nb3 60.Ke2 Nbd4+ 61.Kd2 Nb5 62.Bc2 Nfd4 63.Ba4 Nf3+ 64.Ke3 Nxe5
65.fxe5 Kc5 66.Kf4 Kb4 67.Bc2 Nd4 68.Be4 Nb3 69.g4 hxg4 70.Kxg4 Nc5 71.Bb1 Kb3
72.h5 gxh5+ 73.Kxh5 Nd3  0-1

[Event "II Oliver Gonzalez Memorial"]
[Site "Madrid ESP"]
[Date "2011.10.13"]
[Round "6.7"]
[White "Hernando Pertierra,J"]
[Black "Moreno Trujillo,A"]
[Result "0-1"]
[WhiteElo "2383"]
[BlackElo "2473"]

1.Nf3 d5 2.g3 Nf6 3.Bg2 Bf5 4.d3 c6 5.b3 h6 6.Bb2 e6 7.Nbd2 Be7 8.O-O O-O
9.Qe1 Bh7 10.e4 a5 11.a3 b5 12.Ne5 Nfd7 13.Nxd7 Nxd7 14.f4 Ra6 15.Kh1 Re8
16.Qe2 Bf6 17.e5 Be7 18.Bh3 c5 19.g4 f6 20.Nf3 fxe5 21.Nxe5 d4 22.Nxd7 Qxd7
23.a4 c4 24.axb5 cxd3 25.cxd3 Qxb5 26.Rf3 Qxb3 27.f5 Bf6 28.Bg2 Kh8 29.h4 Raa8
30.g5 exf5 31.Qf2 Be5 32.Bxd4 Bxd4 33.Qxd4 Qb4 34.Rf4 Qxd4 35.Rxd4 Ra6 36.Bb7 Rb6
37.Bf3 Rb4 38.Rxb4 axb4 39.d4 f4 40.Ra6 Rb8 41.g6 Bg8 42.Ra8 Rxa8 43.Bxa8 b3
44.Be4 b2 45.Bb1 Bd5+ 46.Kg1 Kg8 47.Kf2 Kf8 48.Ke2 Ke7 49.Kd2 f3 50.Bd3 f2  0-1

[Event "Mitropa Cup"]
[Site "Merlimont FRA"]
[Date "2011.10.13"]
[Round "6"]
[White "Houriez,C"]
[Black "Delorme,L"]
[Result "1-0"]
[WhiteElo "2331"]
[BlackElo "2223"]

1.Nf3 d5 2.g3 Bg4 3.Bg2 Nd7 4.d4 e6 5.O-O Ngf6 6.Nbd2 Be7 7.Re1 c6 8.e4 dxe4
9.Nxe4 O-O 10.c3 h6 11.Qb3 Qb6 12.Ned2 Nd5 13.Nc4 Qc7 14.a4 Rac8 15.a5 Bf5
16.Nce5 Nxe5 17.dxe5 c5 18.Qc4 b6 19.axb6 axb6 20.h4 Rb8 21.Qb5 Rfd8 22.Bd2 Qd7
23.Qxd7 Rxd7 24.Ra3 b5 25.Rea1 Nb6 26.Ra7 Rbd8 27.Rxd7 Rxd7 28.b3 Bc2 29.Ra5 Bd3
30.Be1 Bd8 31.Bf1 Nd5 32.Ra8 Nc7 33.Ra7 c4 34.bxc4 bxc4 35.Nd4 Rd5 36.Nc6 Ne8
37.Ra8 Nc7 38.Rxd8+ Rxd8 39.Nxd8 Be4 40.Bg2  1-0

[Event "Indonesia Open"]
[Site "Jakarta INA"]
[Date "2011.10.14"]
[Round "3.25"]
[White "Sudung,Tampubolon"]
[Black "Tunasly,K"]
[Result "0-1"]
[WhiteElo "2252"]
[BlackElo "2400"]

1.Nf3 d5 2.g3 c6 3.Bg2 f5 4.O-O Nf6 5.d3 e6 6.Bg5 Be7 7.Nbd2 O-O 8.Bxf6 Bxf6
9.c3 Qb6 10.Qc2 e5 11.e4 fxe4 12.dxe4 Be6 13.Rfe1 Nd7 14.c4 d4 15.a3 a5 16.Rec1 Be7
17.Ne1 Rxf2 18.Nd3 Rf7 19.Rf1 Raf8 20.Rxf7 Rxf7 21.Rb1 Bg5 22.Nf3 Be3+ 23.Kh1 Qc7
24.Nh4 Bg5 25.Nf5 Rxf5 26.exf5 Bxf5 27.Rd1 Nc5  0-1

[Event "II Oliver Gonzalez Memorial"]
[Site "Madrid ESP"]
[Date "2011.10.14"]
[Round "7.23"]
[White "Alcazar Jimenez,J"]
[Black "Gadeo Colomina,F"]
[Result "1-0"]
[WhiteElo "2294"]
[BlackElo "2036"]

1.Nf3 d5 2.g3 Nf6 3.Bg2 c6 4.O-O Bg4 5.Ne5 Bh5 6.d4 e6 7.c4 Nbd7 8.Nc3 Be7
9.Nd3 dxc4 10.Nf4 Bg6 11.e4 e5 12.Nxg6 hxg6 13.d5 Nc5 14.b3 Nd3 15.bxc4 Nxc1
16.Rxc1 Bc5 17.Qa4 Qd7 18.Qa5 Qe7 19.Rb1 O-O 20.h3 Bb6 21.Qb4 Qxb4 22.Rxb4 Ba5
23.Rb3 Bxc3 24.Rxc3 Nd7 25.c5 Rac8 26.Rfc1 f5 27.exf5 gxf5 28.dxc6 bxc6 29.Rd1 Rc7
30.Rd6 e4 31.g4 fxg4 32.Bxe4 Ne5 33.hxg4 Nxg4 34.Rxc6 Rxc6 35.Bxc6 Nf6 36.Bb7 Rf7
37.c6 Nd5 38.Ra3 Rc7 39.Rxa7 Ne7 40.Ra6 Kf7 41.Rb6 Ke6 42.a4 Kd6 43.Kg2 Nd5
44.Rb3 Kc5 45.a5 Nb4 46.Rxb4 Kxb4 47.a6  1-0

[Event "Mitropa Cup"]
[Site "Merlimont FRA"]
[Date "2011.10.14"]
[Round "7.3"]
[White "Zueger,B"]
[Black "Godena,M"]
[Result "1/2-1/2"]
[WhiteElo "2426"]
[BlackElo "2527"]

1.Nf3 d5 2.g3 c6 3.Bg2 Bg4 4.c4 e6 5.b3 Nd7 6.Bb2 Ngf6 7.d3 Bd6 8.Nbd2 O-O
9.h3 Bxf3 10.Bxf3 Qe7 11.O-O Ba3 12.Bxa3 Qxa3 13.d4 Rfd8 14.Qc2 Qd6  1/2-1/2

[Event "Schachbundesliga 2011-12"]
[Site "Muelheim GER"]
[Date "2011.10.14"]
[Round "1"]
[White "Miroshnichenko,E"]
[Black "Postny,E"]
[Result "1/2-1/2"]
[WhiteElo "2624"]
[BlackElo "2622"]

1.Nf3 d5 2.g3 c6 3.Bg2 Bg4 4.O-O Nd7 5.d3 e5 6.e4 dxe4 7.dxe4 Ngf6 8.h3 Bxf3
9.Qxf3 Be7 10.Nd2 O-O 11.Nc4 b5 12.Ne3 g6 13.Rd1 Qc7 14.Ng4 Nxg4 15.Qxg4 Nc5
16.h4 Rfd8 17.Be3 Rxd1+ 18.Rxd1 Rd8 19.h5 Rxd1+ 20.Qxd1 a5 21.b3 Qd6 22.Qe1 Bd8
23.hxg6 hxg6 24.Bf3 Bc7 25.Kg2 Ne6 26.Bg4 Nc5 27.Bf3 Ne6 28.Bg4 Nc5 29.f3 Ne6
30.Bf2 Bd8 31.Qe3 Nd4 32.c3 Ne6 33.Qa7 Qd2 34.Bxe6 fxe6 35.Qb8 Kf7 36.Qb7+ Be7
37.Qxc6 a4 38.bxa4 bxa4 39.c4 Qxa2 40.f4 Qc2 41.f5 gxf5 42.exf5 exf5 43.Qd5+ Kf8
44.Qa8+ Kg7 45.Qe8 Kf6 46.Qh8+ Kf7 47.Qh7+ Ke6 48.Qg8+ Kf6 49.Qh8+ Kf7 50.Qh7+  1/2-1/2

[Event "Schachbundesliga 2011-12"]
[Site "Muelheim GER"]
[Date "2011.10.14"]
[Round "1"]
[White "Hausrath,D"]
[Black "Ris,R"]
[Result "0-1"]
[WhiteElo "2507"]
[BlackElo "2403"]

1.Nf3 d5 2.g3 g6 3.Bg2 Bg7 4.O-O Nf6 5.b3 O-O 6.Bb2 c5 7.c4 d4 8.b4 Nfd7
9.bxc5 Nxc5 10.d3 Nc6 11.Nbd2 Rb8 12.Rb1 Qc7 13.Ba3 Ne6 14.Qa4 Bd7 15.Ne4 b6
16.Rfc1 Na5 17.Qb4 Nc6 18.Qe1 h6 19.e3 Rfe8 20.Ned2 dxe3 21.Qxe3 Ncd4 22.Bb2 Nf5
23.Qe1 Nfd4 24.Nxd4 Nxd4 25.Bxd4 Bxd4 26.Nf3 Bg7 27.d4 Bg4 28.Ne5 Bxe5 29.dxe5 Red8
30.Qe3 Kg7 31.c5 bxc5 32.Rxb8 Rxb8 33.h3 Be6 34.Rxc5 Rb1+ 35.Kh2 Qb6 36.a4 Rb3
37.Qc1 a5 38.Rc2 Qd4 39.Qd2 Qxa4 40.Rc7 Qb5 41.Rxe7 Qxe5 42.Re8 Rb2 43.Rxe6 fxe6
44.Qd7+ Kf8 45.Qd8+ Kf7 46.Qd7+ Kg8 47.Qe8+ Kg7 48.Qe7+ Kg8 49.Qe8+ Kh7 50.Qf7+ Qg7
51.Qxe6 Rxf2 52.Qb6 Rb2 53.Qc6 a4 54.h4 h5 55.Kh3 a3 56.Be4 Rd2  0-1

[Event "TCh-FIN SM-Liiga 2011-12"]
[Site "Oulu FIN"]
[Date "2011.10.14"]
[Round "7.3"]
[White "Jouhki,Y"]
[Black "Kauppila,O"]
[Result "1-0"]
[WhiteElo "2282"]
[BlackElo "2293"]

1.Nf3 d5 2.g3 Nf6 3.Bg2 e6 4.O-O Be7 5.b3 O-O 6.Bb2 c5 7.c4 Nc6 8.e3 b6 9.Nc3 dxc4
10.bxc4 Bb7 11.Qe2 Rc8 12.Rad1 Qc7 13.d3 Rfd8 14.Ng5 h6 15.Nge4 Nxe4 16.Nxe4 f5
17.Nc3 Qd7 18.d4 Qe8 19.d5 Na5 20.e4 Ba6 21.exf5 exf5 22.Rfe1 Bd6 23.Qc2 Qh5
24.Nb5 Bxb5 25.cxb5 Nb7 26.Qc3 Bf8 27.Bf3 Qg6 28.Re6 Qf7 29.d6 Qxe6 30.Bd5 Qxd5
31.Rxd5 Nxd6 32.a4 Re8 33.Rxd6  1-0

[Event "Chigorin Memorial Open"]
[Site "St Petersburg RUS"]
[Date "2011.10.14"]
[Round "1.44"]
[White "Yevseev,D"]
[Black "Bukhteeva,V"]
[Result "1-0"]
[WhiteElo "2529"]
[BlackElo "2178"]

1.Nf3 d5 2.g3 Nf6 3.Bg2 Bg4 4.c4 c6 5.Ne5 Bh5 6.cxd5 cxd5 7.Nc3 e6 8.Qa4+ Nfd7
9.g4 Bg6 10.h4 Bc2 11.Nxf7 Bxa4 12.Nxd8 Kxd8 13.Nxa4 Nc6 14.d3 Bb4+ 15.Bd2 b5
16.Nc3 Nd4 17.Kd1 Ne5 18.Nxb5 Nxb5 19.Bxb4 Nxg4 20.Kd2 Kd7 21.Rhg1 Ne5 22.Bh3 Rhg8
23.Rg5  1-0

[Event "Chigorin Memorial Open"]
[Site "St Petersburg RUS"]
[Date "2011.10.14"]
[Round "1.127"]
[White "Filin,Evgeny"]
[Black "Kanakin,K"]
[Result "0-1"]
[WhiteElo "1709"]
[BlackElo "1944"]

1.Nf3 d5 2.g3 Nf6 3.Bg2 c6 4.O-O Bf5 5.d3 Nbd7 6.Bf4 Nh5 7.Bg5 h6 8.Bc1 e5
9.Nbd2 Nhf6 10.Re1 e4 11.Nd4 Bh7 12.dxe4 Qb6 13.exd5 Qxd4 14.e3 Qc5 15.dxc6 bxc6
16.Nb3 Qxc2 17.Nd4 Qxd1 18.Rxd1 Be4 19.Bxe4 Nxe4 20.Nxc6 Bc5 21.f3 Nef6 22.Kg2 Rc8
23.Nd4 Bxd4 24.Rxd4 Rc2+ 25.Rd2 Rxd2+ 26.Bxd2 O-O 27.Rc1 Rb8 28.b3 Nb6 29.e4 Rc8
30.Rxc8+ Nxc8 31.Be3 Kf8 32.Bc5+ Ke8 33.Kf2 Nd7 34.Bd4 f6 35.h4 Ke7 36.f4 Kd6
37.Ke3 a6 38.h5 Ne7 39.g4 Nc6 40.Bc3 Ke6 41.a3 Nc5 42.b4 Na4 43.Ba1 Na7 44.g5 Nb5
45.f5+ Ke7 46.g6 Nxa3 47.Kd3 Nb6 48.e5 Nd5 49.Ke4 Nxb4 50.exf6+ gxf6 51.g7 Kf7
52.Bxf6 Nc4 53.Be7 Nc6 54.f6 Nxe7 55.fxe7 Nd6+ 56.Kd5 Ne8 57.Kc6 Kxg7 58.Kb6 Kf7
59.Kxa6 Kxe7 60.Kb5 Ke6 61.Kc4 Ke5 62.Kd3 Kf4 63.Ke2 Kg3 64.Kf1 Nf6 65.Kg1 Nxh5
66.Kh1 Nf4 67.Kg1 Nd3  0-1

[Event "49th ch-IND NatA"]
[Site "Aurangabad IND"]
[Date "2011.10.15"]
[Round "7"]
[White "Deepan,C"]
[Black "Sethuraman,S"]
[Result "1/2-1/2"]
[WhiteElo "2470"]
[BlackElo "2529"]

1.Nf3 d5 2.g3 c6 3.Bg2 Nf6 4.O-O Bg4 5.b3 Nbd7 6.Bb2 e6 7.d3 Bd6 8.c4 O-O
9.Nbd2 a5 10.a3 b5 11.Qc2 Qb8 12.Rfc1 Rc8 13.h3 Bh5 14.cxd5 cxd5 15.Qxc8+ Qxc8
16.Rxc8+ Rxc8 17.Rc1 Rxc1+ 18.Bxc1 Kf8 19.Kf1 Ke8 20.Ke1 Kf8 21.Kf1 Ke8 22.Ke1 Kf8
23.Kf1 Ke8  1/2-1/2

[Event "TCh-ROU Superliga 2011"]
[Site "Brasov ROU"]
[Date "2011.10.15"]
[Round "8.4"]
[White "Petre,NT"]
[Black "Horvat,Dan"]
[Result "1-0"]
[WhiteElo "2345"]
[BlackElo "2196"]

1.Nf3 d5 2.g3 Nf6 3.Bg2 g6 4.d4 Bg7 5.c4 c6 6.cxd5 cxd5 7.Nc3 O-O 8.Ne5 Nc6
9.O-O Qb6 10.Na4 Qb5 11.Nc3 Qb6 12.Na4 Qb5 13.b3 Bf5 14.Ba3 Rfe8 15.Rc1 Nxe5
16.dxe5 Ne4 17.f3 Ng5 18.g4 Bd7 19.f4 Bxg4 20.fxg5 Bxe2 21.Qxd5 Qxd5 22.Bxd5 Bxf1
23.Rxf1 e6 24.Bxb7 Rab8 25.Bc6 Rec8 26.Bd6 Bxe5 27.Bxe5 Rb4 28.Bf3 Rb5 29.Bf6 e5
30.Rd1  1-0

[Event "II Oliver Gonzalez Memorial"]
[Site "Madrid ESP"]
[Date "2011.10.15"]
[Round "8.27"]
[White "Lopez Mulet,Inigo"]
[Black "Rodrigo Yanguas,M"]
[Result "0-1"]
[WhiteElo "1839"]
[BlackElo "2135"]

1.Nf3 d5 2.g3 Nc6 3.c4 d4 4.d3 e5 5.Bg2 Nf6 6.O-O Bd6 7.b3 O-O 8.Na3 h6 9.Nc2 Bf5
10.Rb1 a5 11.Bd2 Qe7 12.Qc1 Nb4 13.Ncxd4 exd4 14.Nxd4 Bc8 15.Bxh6 gxh6 16.Qxh6 Ng4
17.Qh5 Qe5 18.Qxe5 Bxe5 19.Nf3 Bg7 20.h3 Ne5 21.Nxe5 Bxe5 22.a4 Re8 23.Rbd1 Bg7
24.e3 c6 25.g4 Be6 26.f4 Rad8 27.Be4 Nc2 28.Kf2 Bc8 29.g5 Bxh3 30.Rh1 Bc8
31.f5 Nxe3 32.Kxe3 Bxf5 33.Kf4 Bxe4 34.dxe4 Rd4 35.Rxd4 Bxd4 36.Rd1 c5 37.Kf5 Kg7
38.Rh1 Re6 39.Rh3 Kf8 40.Rh1 Ke7 41.Rh3 Bg7 42.Rd3 Rd6 43.Rd5 Bd4 44.e5 Rb6
45.Kf4 Rxb3 46.Rd6 Rb4 47.Rh6 Rxc4 48.Rh7 Ke6 49.Rh6+ Ke7 50.Rh7 Kf8 51.Kf5 Rc1
52.g6 Rf1+  0-1

[Event "Mitropa Cup"]
[Site "Merlimont FRA"]
[Date "2011.10.15"]
[Round "8.6"]
[White "Prusikin,M"]
[Black "Krejci,Jan2"]
[Result "1-0"]
[WhiteElo "2541"]
[BlackElo "2489"]

1.Nf3 d5 2.g3 c6 3.Bg2 Bg4 4.O-O Nd7 5.d4 e6 6.Nbd2 f5 7.c4 Bd6 8.Qb3 Rb8
9.Re1 Ngf6 10.Ng5 f4 11.e4 dxe4 12.c5 Nd5 13.Ndxe4 Be7 14.Nxe6 Bxe6 15.Nd6+ Bxd6
16.Rxe6+ Be7 17.Bxd5 Nf8 18.Bxf4 cxd5 19.Rxe7+  1-0

[Event "Schachbundesliga 2011-12"]
[Site "Muelheim GER"]
[Date "2011.10.15"]
[Round "2"]
[White "Nikolic,Pr"]
[Black "Bindrich,F"]
[Result "1-0"]
[WhiteElo "2636"]
[BlackElo "2548"]

1.Nf3 d5 2.g3 Nf6 3.Bg2 e6 4.O-O Be7 5.b3 c5 6.c4 Nc6 7.e3 O-O 8.Bb2 d4 9.exd4 cxd4
10.Re1 Ne8 11.Na3 f6 12.Nc2 e5 13.d3 a5 14.a3 Nc7 15.Nd2 Ne6 16.Qe2 Kh8 17.Rab1 Bd6
18.Ne4 Bc7 19.b4 f5 20.Nd2 e4 21.Red1 exd3 22.Qxd3 Ne5 23.Qb3 a4 24.Qa2 f4
25.Ne4 f3 26.Bf1 Qe8 27.Nxd4 Nxd4 28.Bxd4 Bf5 29.Nc3 Qh5 30.h4 Bxb1 31.Qxb1 Rae8
32.Nd5 Bd8 33.Re1 Ng6 34.Rxe8 Rxe8 35.Qa1 Qh6 36.Ne3 Nxh4 37.Bd3 Bg5 38.gxh4 Bxe3
39.fxe3 Rxe3 40.Qf1 Re8 41.Qxf3 Qxh4 42.Bf2 Qg5+ 43.Kf1 Qc1+ 44.Kg2 Qg5+
45.Qg3 Qd2 46.c5 Rf8 47.Be4 Qd7 48.Qh4 h6 49.Bf3 Rf7 50.Qe4 Qd8 51.Qe5 Qf8
52.Qd5 Re7 53.b5 Rf7 54.b6 Rf5 55.Qxb7 Rg5+ 56.Kf1 Rf5 57.Qa8  1-0

[Event "TCh-FIN SM-Liiga 2011-12"]
[Site "Tampere FIN"]
[Date "2011.10.15"]
[Round "3.6"]
[White "Kytoniemi,J"]
[Black "Tuovinen,J"]
[Result "1-0"]
[WhiteElo "2283"]
[BlackElo "2076"]

1.Nf3 d5 2.g3 Nf6 3.Bg2 Bf5 4.d3 e6 5.Nh4 Bg4 6.f3 Bh5 7.f4 Be7 8.Nd2 c6
9.c3 Ng4 10.Ndf3 f5 11.Qb3 b6 12.Ng5 Qd6 13.Qc2 h6 14.Ngf3 Nd7 15.h3 Ngf6
16.Ne5 O-O-O 17.Nhg6 Bxg6 18.Nxg6 Rhe8 19.Ne5 Rf8 20.Ng6 Rfe8 21.Qa4 Kb7
22.Ne5 Qc7 23.Bf3 Nxe5 24.fxe5 Nd7 25.d4 g5 26.g4 f4 27.Bd2 Nf8 28.Qc2 c5
29.Qd3 cxd4 30.cxd4 Rc8 31.Rc1 Qd7 32.Kf2 Rxc1 33.Rxc1 Rc8 34.Rxc8 Qxc8 35.h4 Qe8
36.h5 Qc6 37.e3 fxe3+ 38.Bxe3 b5 39.b3 b4 40.Be2 Kb6 41.Qa6+ Kc7 42.Qxa7+ Qb7
43.Qa5+ Qb6 44.Qa8 Qc6 45.Qa7+ Qb7 46.Qxb7+ Kxb7 47.Bb5 Kc7 48.Be8 Kd8 49.Bf7 Kd7
50.Bd2 Kc6 51.Ke2 Kb5 52.Be8+ Kb6 53.Kd3 Ka6 54.Kc2 Kb6 55.Kb1 Ka6 56.a3 bxa3
57.Ka2 Kb6 58.b4 Kc7 59.Kxa3 Nd7 60.Bxd7 Kxd7 61.Ka4 Bd8 62.Kb5 Kc7 63.Ka6 Be7
64.b5 Kb8 65.Kb6 Bf8 66.Kc6 Kc8 67.Ba5 Be7 68.b6  1-0

[Event "Lichtenrader Autumn"]
[Site "Berlin GER"]
[Date "2011.10.16"]
[Round "9.5"]
[White "Lagunow,A"]
[Black "Major,Vitalij"]
[Result "1-0"]
[WhiteElo "2430"]
[BlackElo "2136"]

1.Nf3 d5 2.g3 Nf6 3.Bg2 g6 4.O-O Bg7 5.c4 c6 6.Qb3 O-O 7.d4 Nbd7 8.cxd5 cxd5
9.Nc3 e6 10.Bf4 a6 11.a4 b6 12.Rfc1 Bb7 13.a5 b5 14.Na4 Ne4 15.Nb6 Nxb6 16.Bc7 Qe7
17.axb6 Rfc8 18.Ne5 Qe8 19.Qe3 Bf8 20.Bxe4 dxe4 21.Qc3 Bd6 22.Ng4 Qe7 23.d5 e5
24.Bxd6 Qxd6 25.Qxe5 Qxe5 26.Nxe5 Bxd5 27.Rd1 Rd8 28.b4 f6 29.Ng4 Kf7 30.Ne3 Ke6
31.Rdc1 Bb7 32.Rc7 Rd7 33.Rxd7 Kxd7 34.Ng4 f5 35.Nf6+ Kc6 36.Nxh7 Rd8 37.h4 Kxb6
38.e3 Bc6 39.Ng5 Rd6 40.Kg2 Rd2 41.Ne6 Rd6 42.Nd4 Rf6 43.h5 gxh5 44.Kh3 Bd7
45.Kh4 Rf8 46.Kxh5 Ra8 47.Nb3 Rh8+ 48.Kg5 Rh2 49.Nc5 Bc8 50.Ra2 a5 51.bxa5+ Kxc5
52.Rc2+ Kb4 53.Rxc8 f4  1-0

[Event "37th Guernsey Open"]
[Site "Guernsey GCI"]
[Date "2011.10.16"]
[Round "1"]
[White "Cummins,J"]
[Black "Minnican,A"]
[Result "0-1"]
[WhiteElo "1862"]
[BlackElo "2106"]

1.g3 d5 2.Nf3 Nf6 3.Bg2 c6 4.c3 Bg4 5.Ne5 Bf5 6.d3 Nbd7 7.f4 Qc7 8.Nf3 h5
9.Nh4 Bh7 10.Nd2 Ng4 11.Ndf3 Qb6 12.d4 Be4 13.Qb3 Qc7 14.Bd2 e6 15.Ne5 Bxg2
16.Nxg2 Ndf6 17.O-O-O Nf2 18.Rhf1 Nxd1 19.Kxd1 Bd6 20.c4 Qb6 21.c5 Qxb3+
22.axb3 Bc7 23.Kc2 Ne4 24.Bb4 a5 25.Ba3 O-O 26.Nh4 Bxe5 27.fxe5 g5 28.Ng2 f6
29.exf6 Rxf6 30.Rxf6 Nxf6 31.h4 Ne4 32.hxg5 Nxg3 33.Nf4 h4 34.Kd3 Kf8 35.Ke3 Nf5+  0-1

[Event "37th Guernsey Open"]
[Site "Guernsey GCI"]
[Date "2011.10.16"]
[Round "1"]
[White "Norman,K"]
[Black "Ippel,C"]
[Result "1/2-1/2"]
[WhiteElo "2160"]
[BlackElo "1969"]

1.Nf3 d5 2.g3 Nc6 3.Bg2 e5 4.d3 Nf6 5.O-O Be7 6.c4 dxc4 7.Qa4 O-O 8.Qxc4 Be6
9.Qa4 Rb8 10.Nc3 Nd5 11.Bd2 Nb6 12.Qd1 Qd7 13.a4 a6 14.a5 Nd5 15.Nxd5 Bxd5
16.Bc3 f6 17.e4 Be6 18.d4 exd4 19.Nxd4 Nxd4 20.Qxd4 Qxd4 21.Bxd4 Rfd8 22.Bc3 Rd7
23.Rfe1 c6 24.e5 f5 25.Red1 Rbd8 26.Rxd7 Rxd7 27.Kf1 Kf7 28.Ke1 Bc5 29.f4 Rd3
30.Rd1 Re3+ 31.Kd2 Bc4 32.Re1 Rxe1 33.Kxe1 Ke6 34.Bf3 g6 35.h4 h5 36.Bg2 Bd5
37.Bf1 Bb3 38.Bg2 Bd5 39.Bf1 Bb3  1/2-1/2

[Event "Indonesia Open"]
[Site "Jakarta INA"]
[Date "2011.10.16"]
[Round "4.28"]
[White "Hendra,J"]
[Black "Situru,N"]
[Result "0-1"]
[WhiteElo "2216"]
[BlackElo "2314"]

1.Nf3 d5 2.g3 c5 3.Bg2 Nc6 4.O-O e5 5.d3 Nf6 6.Nc3 d4 7.Ne4 Nd5 8.c4 Nc7
9.Ne1 f5 10.Nd2 Bd6 11.a3 Bd7 12.Rb1 a5 13.Nc2 O-O 14.b3 Qe7 15.a4 Rad8 16.Na3 Ne8
17.Nb5 Bb8 18.Nf3 h6 19.Nh4 Kh7 20.e4 dxe3 21.fxe3 g6 22.Qe2 Nb4 23.Rd1 g5
24.Nf3 Bc6 25.Ba3 Nf6 26.Bxb4 axb4 27.Ne1 g4 28.Qc2 Nh5 29.a5 Qg5 30.Qc1 f4  0-1

[Event "5th SPICE Cup GpB"]
[Site "Lubbock USA"]
[Date "2011.10.16"]
[Round "3"]
[White "Bykhovsky,An ISR"]
[Black "Yang,Dar"]
[Result "1/2-1/2"]
[WhiteElo "2521"]
[BlackElo "2439"]

1.Nf3 d5 2.g3 Nf6 3.Bg2 c6 4.O-O Bf5 5.d3 e6 6.c4 Nbd7 7.Nc3 h6 8.Be3 Bd6
9.Qb3 Qb8 10.cxd5 exd5 11.Nd4 Bg6 12.Bh3 O-O 13.Nf5 Nc5 14.Qc2 Ne6 15.Nh4 Bh7
16.Nf3 Re8 17.Rab1 c5 18.b4 cxb4 19.Nb5 a6 20.Nxd6 Qxd6 21.Rfc1 a5 22.a3 d4
23.Bd2 g5 24.Bf1 Nd5 25.axb4 axb4 26.Qb3 Nc3 27.Rb2 Ra4 28.Bxc3 Nc5 29.Qxb4 Rxb4
30.Bxb4 b6 31.Rc4 Qf6 32.Nxd4 Nxd3 33.exd3 b5 34.Re2 Rb8 35.Be7 Qb6 36.Rb4 Bxd3
37.Re3 Bxf1 38.Kxf1 Rc8 39.Ne2 Qb7 40.Kg1 Rc2 41.h4 Qd5 42.Rd4 Qa2 43.Bf6 Rxe2
44.Rd8+ Kh7 45.h5 Qb1+ 46.Kg2 Rxf2+ 47.Kxf2 Qc2+ 48.Kg1 Qc1+ 49.Kh2 Qc2+
50.Kh1 Qc6+ 51.Kg1 Qxf6 52.Rd7 Kg7 53.Rd2 b4 54.Rb3 Qe6 55.Rdb2 Qg4 56.Kg2 Qxh5
57.Rxb4 Qd1 58.Kh2 h5 59.Rb7 Qd4 60.R7b4 Qe3 61.R4b3 Qe1 62.Rf3 h4 63.Rbf2 hxg3+
64.Kxg3 Qg1+ 65.Rg2 Qd4 66.Kh2 Kg6 67.Rgf2 f5 68.Rxf5 Qh4+ 69.Kg2 Qg4+  1/2-1/2